000 00434nam a2200205Ia 4500
001 002036
003 YMCAF
005 20230512160125.0
008 100717s1972 ||||||||||||||||| ||und|d
024 _a2036
035 _a2017
040 _aYMCAF
_beng
_cIN-KoLT
041 _aeng
082 _aSEV-ANA
100 _aANAND MULK R.
245 0 _aSEVEN SUMMERS
260 _bHINDI PUB. B.
_c1972
300 _a238
942 _2ddc
_cBK
999 _c1619
_d1619